<?xml version="1.0" encoding="UTF-8"?>
<record
    xmlns:xsi="http://www.w3.org/2001/XMLSchema-instance"
    xsi:schemaLocation="http://www.loc.gov/MARC21/slim http://www.loc.gov/standards/marcxml/schema/MARC21slim.xsd"
    xmlns="http://www.loc.gov/MARC21/slim">

  <leader>01714nam a2200229Ia 4500</leader>
  <datafield tag="952" ind1=" " ind2=" ">
    <subfield code="0">0</subfield>
    <subfield code="1">0</subfield>
    <subfield code="4">0</subfield>
    <subfield code="7">0</subfield>
    <subfield code="a">11</subfield>
    <subfield code="b">11</subfield>
    <subfield code="d">2007-01-08</subfield>
    <subfield code="l">13</subfield>
    <subfield code="o">QP360 E73 2002</subfield>
    <subfield code="p">11 005933</subfield>
    <subfield code="r">2014-11-18</subfield>
    <subfield code="s">2014-11-18</subfield>
    <subfield code="t">2</subfield>
    <subfield code="w">2012-06-26</subfield>
    <subfield code="y">LB</subfield>
  </datafield>
  <datafield tag="952" ind1=" " ind2=" ">
    <subfield code="0">0</subfield>
    <subfield code="1">0</subfield>
    <subfield code="4">0</subfield>
    <subfield code="7">0</subfield>
    <subfield code="a">11</subfield>
    <subfield code="b">11</subfield>
    <subfield code="d">2010-01-13</subfield>
    <subfield code="l">18</subfield>
    <subfield code="o">QP360 E73 2002</subfield>
    <subfield code="p">11 008196</subfield>
    <subfield code="r">2024-07-03</subfield>
    <subfield code="s">2024-06-14</subfield>
    <subfield code="t">1</subfield>
    <subfield code="w">2012-06-26</subfield>
    <subfield code="y">LB</subfield>
  </datafield>
  <datafield tag="999" ind1=" " ind2=" ">
    <subfield code="c">71353</subfield>
    <subfield code="d">71353</subfield>
  </datafield>
  <controlfield tag="008">120626s2002    mx a          000 0 spa d</controlfield>
  <datafield tag="020" ind1=" " ind2=" ">
    <subfield code="a">9684269668</subfield>
  </datafield>
  <datafield tag="050" ind1=" " ind2=" ">
    <subfield code="a">QP360 </subfield>
    <subfield code="b">E73 </subfield>
  </datafield>
  <datafield tag="100" ind1=" " ind2=" ">
    <subfield code="a">Escobar Briones, Carolina</subfield>
    <subfield code="e">autor</subfield>
  </datafield>
  <datafield tag="245" ind1=" " ind2=" ">
    <subfield code="a">Motivacion y conducta</subfield>
    <subfield code="b">: sus bases biol&#xF3;gicas   </subfield>
    <subfield code="c">/ Carolina Escobar Briones; Raul Antonio, Aguilar Robledo </subfield>
  </datafield>
  <datafield tag="260" ind1=" " ind2=" ">
    <subfield code="a">M&#xE9;xico</subfield>
    <subfield code="b">: El manual moderno</subfield>
    <subfield code="c">, 2002</subfield>
  </datafield>
  <datafield tag="300" ind1=" " ind2=" ">
    <subfield code="a">xviii, 420 p&#xE1;ginas</subfield>
    <subfield code="b">: ilustraciones</subfield>
  </datafield>
  <datafield tag="500" ind1=" " ind2=" ">
    <subfield code="a">Incluye: Autores (pp. v-vi), Pr&#xF3;logo (pp. vii-ix), Introducci&#xF3;n (pp.xvii-xviii), &#xCD;ndice (pp. 405-420)</subfield>
  </datafield>
  <datafield tag="505" ind1=" " ind2=" ">
    <subfield code="a">&#xBF;Qu&#xE9; son las conductas motivas? una breve historia  
Organizaci&#xF3;n anat&#xF3;mica y funcional del sistema nerviosa  
Organizaci&#xF3;n anat&#xF3;mica y funcional del sistema endocrino  
Ritmos biol&#xF3;gicos y mecanismos generales de regulaci&#xF3;n  
Estrategias para estudiar las conductas motivadas  
Los mecanismos de la motivaci&#xF3;n  
El ciclo sue&#xF1;o- vigilia  
La neuroqu&#xED;omica del sue&#xF1;o  
Se y micci&#xF3;n  
Alimentaci&#xF3;n y balance energ&#xE9;tico  
Hambre y saciedad  
Regulaci&#xF3;n de la temperatura  
Conducta de acicalamiento  
Conducta sexual masculina  
Conducta sexual femenina  
Conducta maternal  
Anatom&#xED;a funcional de las emociones  
La neuroqu&#xED;mica de las emociones  
El juego y otras conductas en la ontogenia temprana  
Motivaciones sociales</subfield>
  </datafield>
  <datafield tag="519" ind1=" " ind2=" ">
    <subfield code="a">Plan UNAM / </subfield>
    <subfield code="b">Psicolog&#xED;a / </subfield>
    <subfield code="c">Aprendizaje y conducta adaptativa (1200) / </subfield>
    <subfield code="d">(11 008196)</subfield>
  </datafield>
  <datafield tag="519" ind1=" " ind2=" ">
    <subfield code="a">Plan UNAM / </subfield>
    <subfield code="b">Psicolog&#xED;a / </subfield>
    <subfield code="c">Neurobiolog&#xED;a y adaptaci&#xF3;n (1203) / </subfield>
    <subfield code="d">(11 005933)</subfield>
  </datafield>
  <datafield tag="650" ind1=" " ind2="0">
    <subfield code="a">MOTIVACI&#xD3;N (PSICOLOG&#xCD;A)</subfield>
  </datafield>
  <datafield tag="650" ind1=" " ind2="0">
    <subfield code="a">CONDUCTA HUMANA</subfield>
    <subfield code="x">BASES BIOL&#xD3;GICAS</subfield>
  </datafield>
  <datafield tag="650" ind1=" " ind2="0">
    <subfield code="a">CEREBRO</subfield>
  </datafield>
  <datafield tag="700" ind1=" " ind2=" ">
    <subfield code="a">Aguilar Robledo, Ra&#xFA;l Antonio </subfield>
    <subfield code="e">autor</subfield>
  </datafield>
  <datafield tag="942" ind1=" " ind2=" ">
    <subfield code="c">LB</subfield>
  </datafield>
</record>
